| 000 | 00897nam a22002177a 4500 | ||
|---|---|---|---|
| 999 |
_c18713 _d18713 |
||
| 003 | AR-CdUCM | ||
| 008 | 190515b ||||| |||| 00| 0 spa d | ||
| 040 |
_aMUNICIPALIDAD PROVINCIAL DEL CUSCO _cBIBLIOTECA MUNICIPAL DEL CUSCO |
||
| 082 |
_a658 / _bQ76 |
||
| 100 |
_aQuispe Saravia, Esteban M. _939460 |
||
| 245 |
_aSistema de calidad : _bcomo estrategia de dirección / |
||
| 260 |
_aArequipa : _bNazka IEC, _c1999. |
||
| 300 |
_a417 páginas ; _btablas, _c21.5 cm. |
||
| 505 | _aContenido: Administración pública -- Servicio de calidad -- Reingenieria administrativa -- Situación de la gestión administrativa -- Modernización de la administración pública ... | ||
| 650 |
_aAdministración _94472 |
||
| 650 |
_aSistema de calidad _939461 |
||
| 650 |
_aMarketing _912422 |
||
| 710 |
_aAdministración Desarrollo y Cambio ADEC. _939462 |
||
| 942 |
_2ddc _cLIBROS |
||
| 945 |
_aachl _d2019-05-15 |
||